00308nam a2200109 a 4500008004100000050001800041100002200059245004700081260004000128300002100168350000900189120416s1980 ||||||||||||||||| || u aHF 5548.2 Cou aCouger, J. Daniel10aMotivating and Managing computer personnel aNew YorkbJohn Wiley and Sonsc1980 axv, 213p. : ill. a0.00